000 00611nam a2200181Ia 4500
003 GCL
008 140319s9999 xx 000 0 ara d
040 _aGCL /
_cGCL
082 0 4 _aد
_b050
_bد هـ
245 1 0 _aالهلال اغسطس 1998 : الابداع والكمبيوتر
250 _aالاولى
260 _aالقاهرة :
_bدار الهلال للطباعة والنشر ،
_c1998
650 0 4 _aالبربر
650 0 4 _aمصر - تاريخ - عصر المماليك ( 1250-1517 م )
650 0 4 _aالمقالات العربية - مصر
650 0 4 _aغيتس، بيل
942 _2ddc
_cCR
999 _c6691
_d6691